000 00853nam a22002897a 4500
003 CHAP
005 20220329134158.0
008 971013s1961 r 00010 d
010 _a16628
011 _a17600
035 _a21683
040 _cCHAP
082 _a591.9095
_bJ3 1961
100 0 0 _aJaeger, Edmund C.
_960889
245 _aDesert wildlife
250 _a2 ed.
260 _aStanford, Cal., :
_bStanford University,
_c1961
300 _a307 p.
_b: ilus
500 _aTítulo de la primera edición: Our desert neighbors
590 _aBATCH-UPD
_b10
_c20130110
_lUCH01
_h1555
590 _aCONVERSION
_b10
_c20130109
_lUCH01
_h1310
650 1 4 _aDesiertos
_xFauna.
_932150
650 1 4 _aVida silvestre.
_9119155
901 _aBK
942 _cLIBRO
949 _a591.9095 J3 1961
_bBC
_cLIBRO
_d33724000450268
_eLIBRO
_h42489
_i21683
_si
_t110.00
999 _c16628
_d16628